Terrorism through decades - Statistics

General Stats
  • This quiz has been taken 129 times
  • The average score is 29 of 50
Answer Stats
Hint Answer % Correct
1975 - 165+30 incidents UK (N.Ireland+Great Britain)
95%
1980 - 117+18 incidents UK (N.Ireland+Great Britain)
95%
1970 - 450 incidents USA
94%
1975 -141 incidents USA
94%
2005 - 618 incidents Iraq
87%
2010 - 1179 incidents Iraq
87%
2013 - 2852 incidents Iraq
87%
2000 - 138 incidents Russia
85%
1975 - 38 incidents France
84%
1995 - 666 incidents Pakistan
84%
2010 - 711 incidents Pakistan
84%
2013 - 2212 incidents Pakistan
84%
1990 - 349 incidents India
80%
1995 - 179 incidents India
80%
2000 - 179 incidents India
80%
2005 - 145 incidents India
80%
2010 - 662 incidents India
80%
2013 - 690 incidents India
80%
2005 - 155 incidents Afghanistan
79%
2010 - 540 incidents Afghanistan
79%
2013 - 1443 incidents Afghanistan
79%
1995 - 147 incidents Germany
79%
1975 - 136 incidents Spain
76%
1980 - 187 incidents Spain
76%
1995 - 133 incidents Turkey
67%
1980 - 141 incidents Colombia
53%
1985 - 382 incidents Colombia
53%
1990 - 349 incidents Colombia
53%
2000 - 137 incidents Colombia
53%
1970 - 21 incidents Argentina
51%
1975 - 38 incidents Argentina
51%
1985 - 232 incidents Chile
46%
1995 - 185 incidents Algeria
45%
2000 - 138 incidents Algeria
45%
1985 - 352 incidents Peru
43%
1990 - 495 incidents Peru
43%
2005 - 155 incidents Thailand
34%
2010 - 253 incidents Thailand
34%
1990 - 320 incidents Philippines
32%
2000 - 132 incidents Philippines
32%
2013 - 652 incidents Philippines
32%
2005 - 133 incidents Sri Lanka
30%
1980 - 710 incidents El Salvador
21%
1985 - 436 incidents El Salvador
21%
1985 - 258 incidents Nicaragua
19%
1970 - 33 incidents Uruguay
19%
1980 -281 incidents Guatemala
17%
1990 - 206 incidents Angola
11%
1970 - 12 incidents East Germany
7%
1970 - 20 incidents West Germany
7%
No matching quizzes found
Score Distribution
Percent of People with Each Score
Percentile by Number Answered
Your Score History
You have not taken this quiz